[Event "Delkanda Inter Club-chT"]
[Site "Delkanda"]
[Date "2021.02.26"]
[Round "1.3"]
[White "Perera, WCC1111"]
[Black "Palipana, Kethaka"]
[Result "1-0"]
[WhiteElo "2060"]
[BlackElo "1662"]
[PlyCount "81"]
[EventDate "2021.02.26"]
[EventType "team-tourn"]
[EventRounds "9"]
[EventCountry "SRI"]
[SourceTitle "EXT 2022"]
[Source "ChessBase"]
[SourceDate "2021.10.06"]
[SourceVersion "1"]
[SourceVersionDate "2021.10.06"]
[SourceQuality "1"]
[WhiteTeam "Jayewardenepura Univ"]
[BlackTeam "Black and Gold CC"]
[WhiteTeamCountry "SRI"]
[BlackTeamCountry "SRI"]

1. d4 c5 2. d5 Nf6 3. c4 e6 4. Nc3 exd5 5. cxd5 d6 6. g3 g6 7. Bg2 Bg7 8. Nf3 0-0 9. 0-0 Re8 10. Nd2 Na6 11. Re1 Nc7 12. a4 Rb8 13. Nc4 a6 14. Bf4 Bf8 15. a5 Nb5 16. Qd3 Nh5 17. Bd2 f5 18. Nb6 Bd7 19. e4 fxe4 20. Bxe4 Bg7 21. h4 Nd4 22. Bg5 Qc7 23. Kg2 Nf6 24. Bxf6 Bxf6 25. h5 Bf5 26. hxg6 hxg6 27. Nc4 Rbd8 28. Ne3 Qd7 29. Bxf5 gxf5 30. Ne2 Nxe2 31. Rxe2 Re4 32. Rae1 Rde8 33. Ng4 Bg7 34. Rxe4 fxe4 35. Rxe4 Rxe4 36. Qxe4 Bxb2 37. Qg6+ Kf8 38. Nh6 Be5 39. f4 Bg7 40. Nf5 c4 41. Nxg7 1-0